000 00478nam a2200181Ia 4500
001 17419
005 20260306171516.0
008 260306s9999||||xx |||||||||||||| ||und||
041 _aESP
082 _a657.985
_bF34 T.1 2004
100 _aFederación de Colegios de Contadores Públicos del Perú
_eAUT
245 0 _aNormas internacionales de contabilidad
260 _c2004
300 _apágs. :
_c24 cm.
650 _aGEN
654 _aCCO
942 _cLIB
_dJUS
_fJUS
_2ddc
_n
999 _c17419
_d17419